|
|
|
|
| LEADER |
00000nab a2200000 a 4500 |
| 001 |
vtls000131538 |
| 003 |
SK-MaSNL |
| 005 |
20260304060250.0 |
| 008 |
250422c1982 xo 0 slo |
| 015 |
|
|
|a SNBRB19rr/mm-uuuuu
|
| 035 |
|
|
|a CL0141644
|
| 035 |
|
|
|a urn:nbn:sk:snk-abczko
|
| 035 |
|
|
|a (urnnbn)urn:nbn:sk:snk:ar-007da1
|
| 035 |
|
|
|a (uuid)5fe43ee0-224e-423f-8e18-a3c767ba9189
|
| 040 |
|
|
|a SNKBUCL
|b slo
|c SNKBUCL
|e AACR2
|
| 041 |
0 |
|
|a slo
|
| 044 |
|
|
|a xo
|c SK
|
| 080 |
|
|
|a 340
|2 1981
|
| 100 |
1 |
|
|a Ožvolda, Vincent
|4 aut
|9 930882
|
| 245 |
1 |
0 |
|a Základné zameranie právnej výchovy a propagandy v SSR na obdobie rokov 1981-1985
|c Vincent Ožvolda
|
| 650 |
0 |
7 |
|a výchova právna
|2 snkbucl
|9 848605
|
| 650 |
0 |
7 |
|a propaganda právna
|2 snkbucl
|9 925013
|
| 655 |
|
7 |
|a články z novín a časopisov
|2 snkbucl
|9 267496
|
| 773 |
0 |
|
|t Socialistické súdnictvo
|g Roč. 34, č. 9 (1982), s. 1-9
|
| 850 |
|
|
|a Slovenská národná knižnica
|
| 852 |
|
|
|a Slovenská národná knižnica
|
| 954 |
|
|
|a odborná, vedecká literatúra pôvodná (slovenská)
|2 lita
|
| 958 |
|
|
|a article17
|
| 958 |
|
|
|a OND
|
| 958 |
|
|
|a RK
|
| 958 |
|
|
|a EUIPO
|
| 992 |
|
|
|a RBX
|
| 999 |
|
|
|c 2727951
|d 2729881
|